Statistiken für KFZ Kennzeichen

Klicken Sie hier um das Quiz zu spielen!

Allgemein

  • Dieses Quiz wurde 1.429 mal gespielt
    (1.359 seit der letzten Aktualisierung)
  • Das Durchschnittsergebnis liegt bei 66 aus 75

Antwortstatistiken

StadtKennzeichen% Korrekt
BerlinB
100%
DüsseldorfD
100%
Frankfurt a. MainF
100%
KölnK
100%
MünchenM
100%
StuttgartS
100%
EssenE
99%
HannoverH
99%
HamburgHH
99%
LeipzigL
99%
NürnbergN
99%
AugsburgA
98%
BielefeldBI
98%
BochumBO
98%
ChemnitzC
98%
DortmundDO
98%
DuisburgDU
98%
GelsenkirchenGE
98%
KielKI
98%
WuppertalW
98%
WiesbadenWI
98%
BonnBN
97%
MannheimMA
97%
KarlsruheKA
96%
KrefeldKR
96%
MönchengladbachMG
96%
AachenAC
95%
BraunschweigBS
95%
Freiburg/BreisgauFR
95%
OberhausenOB
94%
DresdenDD
93%
ErfurtEF
93%
HagenHA
93%
PotsdamP
93%
OsnabrückOS
92%
KasselKS
91%
MainzMZ
91%
OldenburgOL
91%
SaarbrückenSB
91%
MünsterMS
90%
RegensburgR
90%
Würzburg
90%
DarmstadtDA
89%
IngolstadtIN
89%
NeussNE
89%
UlmUL
89%
Fürth
88%
Göttingen
88%
BremenHB
88%
OffenbachOF
87%
PaderbornPB
86%
HammHAM
85%
KoblenzKO
85%
LudwigshafenLU
85%
PforzheimPF
85%
JenaJ
84%
MagdeburgMD
83%
RecklinghausenRE
83%
ErlangenER
82%
LeverkusenLEV
82%
MoersMO
82%
TrierTR
82%
HerneHER
81%
BottropBOT
79%
HeidelbergHD
76%
Halle/SaaleHAL
75%
ReutlingenRT
72%
Mülheim/RuhrMH
70%
SolingenSG
68%
LübeckHL
61%
WolfsburgWOB
60%
BremerhavenHB
52%
RostockHRO
52%
HeilbronnHN
48%
Bergisch GladbachGL
41%

Verteilung der Resultate

Perzentil nach korrekt beantworteten Fragen

Anzahl Personen mit jedem Resultat

Ihre Resultats-Entwicklung

Sie haben dieses Quiz seit der letzten Aktualisierung nicht gespielt